From India to India/ (Record no. 206859)

MARC details
000 -LEADER
fixed length control field 00642nam a22001937a 4500
005 - DATE AND TIME OF LATEST TRANSACTION
control field 20241029141911.0
010 ## - LCCN (DPL NO)
LC control number ENG-142530
020 ## - INTERNATIONAL STANDARD BOOK NUMBER
International Standard Book Number 978357417761
Terms of availability 600.00
035 ## - SYSTEM CONTROL NUMBER
System control number EN-126062
037 ## - SOURCE OF ACQUISITION
Source of stock number/acquisition DBAD
082 ## - DEWEY DECIMAL CLASSIFICATION NUMBER
Classification number 954.54
100 ## - MAIN ENTRY--PERSONAL NAME
Personal name Bath,Nani
245 ## - TITLE STATEMENT
Title From India to India/
Statement of responsibility, etc Nani Bath
250 ## - EDITION STATEMENT
Edition statement First
260 ## - PUBLICATION, DISTRIBUTION, ETC. (IMPRINT)
Place of publication, distribution, etc Uttar Pradesh
Name of publisher, distributor, etc Bluerose Publisher
Date of publication, distribution, etc 2023
270 ## - ADDRESS
Address ABL Workspaces, B-6, Amaltash Marg, Block B, Sector 4, Noida,
City Uttar Pradesh
Postal code 201301
Telephone number 8882898898
Electronic mail address info@bluerosepublisher.com
300 ## - PHYSICAL DESCRIPTION
Extent 382p.
Dimensions 20cm(pbk)
942 ## - ADDED ENTRY ELEMENTS (KOHA)
Source of classification or shelving scheme Dewey Decimal Classification
Item type English Books
Classification part 954.54
Call number suffix BAT
Edition 2023
Holdings
Withdrawn status Lost status Not for loan Collection code Home library Current library Date acquired Source of acquisition Cost, normal purchase price Full call number Barcode Copy number Cost, replacement price Koha item type
      Non-fiction Bawana Bawana 29/10/2024 DBAD 600.00 954.54 BAT EN-126062 1 600.00 English Books

© Delhi Public Library
Hit Counter
free hit counter